000 00928nam a2200265Ia 4500
003 OSt
005 20221005112345.0
006 a|||||r|||| 00| 0
007 ta
008 221004b |||||||| |||| 00| 0 pan d
020 _a9789383654758 (hbk)
_c250
024 _a15254
037 _b887, 08/09/2014, H.K. Prakashan
_cTextual
040 _aCRL
_cCRL
_bpan
041 _2pan
_apan
082 _aO153,1N33x, Q4
100 _aਅਮਰ ਕੋਮਲ
245 0 _aਸੂਰਜ ਦੇ ਹਮਸਖ਼ਰ
260 _aਸਮਾਣਾ
_bਸੰਗਮ ਪਬਲੀਕੇFਨਗ਼ ਭਾਰਤ
_c2013
300 _a215ਪੰ
_ccm.
650 _aਪੰਜਾਬੀ ਸਾਹਿਤ
700 _a ਸਿੰਘ, ਬਲਦੇਲ, ਥਦ.
942 _hO153,1N33x, Q4
_cTEXL
_2cc
999 _c1024652
_d1024652